[Event "Buenos Aires Bolivar op 4th"]
[Site "Buenos Aires"]
[Date "2011.06.20"]
[Round "6"]
[White "Elman, Cristian"]
[Black "Colautti, Romanela"]
[Result "1/2-1/2"]
[WhiteElo "2154"]
[BlackElo "1906"]
[PlyCount "106"]
[EventDate "2011.06.13"]
[EventType "swiss"]
[EventRounds "9"]
[EventCountry "ARG"]
[SourceTitle "EXT 2014"]
[Source "ChessBase"]
[SourceDate "2013.11.20"]
[SourceVersion "1"]
[SourceVersionDate "2013.11.20"]
[SourceQuality "1"]

1. e4 e6 2. d3 d5 3. Nd2 c5 4. g3 Nc6 5. Bg2 g6 6. Ngf3 Bg7 7. 0-0 Nf6 8. exd5 Nxd5 9. Nb3 Qd6 10. c3 0-0 11. d4 cxd4 12. Nfxd4 Nxd4 13. Nxd4 Rd8 14. Qb3 Bxd4 15. cxd4 a5 16. Rd1 a4 17. Qf3 Bd7 18. Bg5 Rdc8 19. Rac1 Rxc1 20. Rxc1 Bc6 21. a3 Kg7 22. Qe2 f6 23. Bd2 Rd8 24. Ba5 Re8 25. Bd2 Rd8 26. Re1 Kf7 27. Be3 Ra8 28. h4 Ra5 29. Bc1 Rb5 30. h5 Ne7 31. hxg6+ hxg6 32. d5 Nxd5 33. Qd2 Qf8 34. Bh3 Nc7 35. b4 axb3 36. Bb2 Rh5 37. Bg2 Bd5 38. Qf4 Qe7 39. Bxf6 Qxf6 40. Qxc7+ Qe7 41. Qb6 Qd7 42. Rc1 Bc6 43. Bxc6 bxc6 44. Qxb3 c5 45. Qf3+ Rf5 46. Qe4 Qd2 47. Rc2 Qd1+ 48. Kg2 Rh5 49. Qf3+ Qxf3+ 50. Kxf3 Ke7 51. Ke4 Rd5 52. a4 Kd6 53. Ra2 c4 1/2-1/2

[Event "Buenos Aires Bolivar op 4th"]
[Site "Buenos Aires"]
[Date "2011.06.13"]
[Round "1"]
[White "Fabian, Gaston"]
[Black "Colautti, Romanela"]
[Result "1-0"]
[WhiteElo "2307"]
[BlackElo "1906"]
[PlyCount "49"]
[EventDate "2011.06.13"]
[EventType "swiss"]
[EventRounds "9"]
[EventCountry "ARG"]
[SourceTitle "EXT 2014"]
[Source "ChessBase"]
[SourceDate "2013.11.20"]
[SourceVersion "1"]
[SourceVersionDate "2013.11.20"]
[SourceQuality "1"]

1. d4 e6 2. c4 f5 3. g3 Nf6 4. Bg2 Be7 5. Nf3 0-0 6. 0-0 Qe8 7. Nc3 a6 8. Re1 Bb4 9. Qb3 c5 10. a3 Bxc3 11. bxc3 Nc6 12. Bf4 Qe7 13. Red1 d5 14. cxd5 Nxd5 15. Bg5 Qc7 16. c4 Na5 17. Qd3 Nf6 18. Bf4 Qd8 19. dxc5 Qxd3 20. exd3 Rd8 21. Bc7 Nc6 22. Bxd8 Nxd8 23. Ne5 Nd7 24. d4 Rb8 25. Rab1 1-0